| 000 | 00421nam a22001457a 4500 | ||
|---|---|---|---|
| 008 | 250604b |||||||| |||| 00| 0 eng d | ||
| 020 | _a9789351117629 | ||
| 050 |
_aTD 224.13 _b.S 43 |
||
| 100 | _aSharma sandeep | ||
| 245 | _aEnviromental water pollution and it's control | ||
| 260 |
_aIndia _bRandom publications _c2017 |
||
| 300 | _a336p | ||
| 650 |
_aWater pollution control _vWater quality management |
||
| 942 | _cBK | ||
| 999 |
_c3788 _d3788 |
||